NBA Starting Shooting Guards 2010s - Statistics

General Stats
  • This quiz has been taken 704 times
    674 since last reset
  • The average score is 220 of 300
Answer Stats
TEAM SEASON FIRST NAME LAST NAME % Correct
Chicago 2016-17 Dwyane Wade
99%
Miami 2010-11 Dwyane Wade
99%
Miami 2011-12 Dwyane Wade
99%
Miami 2012-13 Dwyane Wade
99%
Miami 2013-14 Dwyane Wade
99%
Miami 2014-15 Dwyane Wade
99%
Miami 2015-16 Dwyane Wade
99%
Boston 2010-11 Ray Allen
96%
Boston 2011-12 Ray Allen
96%
Memphis 2011-12 Tony Allen
96%
Memphis 2012-13 Tony Allen
96%
Memphis 2014-15 Tony Allen
96%
Memphis 2015-16 Tony Allen
96%
Memphis 2016-17 Tony Allen
96%
Brooklyn 2014-15 Markel Brown
95%
Boston 2017-18 Jaylen Brown
95%
Boston 2018-19 Jaylen Brown
95%
Boston 2019-20 Jaylen Brown
95%
Phoenix 2012-13 Shannon Brown
95%
Miami 2019-20 Duncan Robinson
95%
Cleveland 2014-15 J.R. Smith
95%
Cleveland 2015-16 J.R. Smith
95%
Cleveland 2016-17 J.R. Smith
95%
Cleveland 2017-18 J.R. Smith
95%
New Orleans 2016-17 Buddy Hield
94%
Sacramento 2018-19 Buddy Hield
94%
Sacramento 2019-20 Buddy Hield
94%
New Orleans 2017-18 Jrue Holiday
94%
New Orleans 2018-19 Jrue Holiday
94%
New Orleans 2019-20 Jrue Holiday
94%
Chicago 2018-19 Zach LaVine
94%
Chicago 2019-20 Zach LaVine
94%
Minnesota 2016-17 Zach LaVine
94%
LA Clippers 2012-13 Willie Green
93%
LA Lakers 2019-20 Danny Green
93%
Phoenix 2013-14 Gerald Green
93%
San Antonio 2011-12 Danny Green
93%
San Antonio 2012-13 Danny Green
93%
San Antonio 2013-14 Danny Green
93%
San Antonio 2014-15 Danny Green
93%
San Antonio 2015-16 Danny Green
93%
San Antonio 2016-17 Danny Green
93%
San Antonio 2017-18 Danny Green
93%
Toronto 2018-19 Danny Green
93%
Atlanta 2010-11 Joe Johnson
93%
Atlanta 2011-12 Joe Johnson
93%
Brooklyn 2012-13 Joe Johnson
93%
Miami 2017-18 Tyler Johnson
93%
Minnesota 2010-11 Wesley Johnson
93%
Minnesota 2011-12 Wesley Johnson
93%
Golden State 2012-13 Klay Thompson
93%
Golden State 2013-14 Klay Thompson
93%
Golden State 2014-15 Klay Thompson
93%
Golden State 2015-16 Klay Thompson
93%
Golden State 2016-17 Klay Thompson
93%
Golden State 2017-18 Klay Thompson
93%
Golden State 2018-19 Klay Thompson
93%
Phoenix 2015-16 Devin Booker
92%
Phoenix 2016-17 Devin Booker
92%
Phoenix 2017-18 Devin Booker
92%
Phoenix 2018-19 Devin Booker
92%
Phoenix 2019-20 Devin Booker
92%
Minnesota 2017-18 Jimmy Butler
91%
Detroit 2013-14 Kentavious Caldwell-Pope
91%
Detroit 2014-15 Kentavious Caldwell-Pope
91%
Detroit 2015-16 Kentavious Caldwell-Pope
91%
Detroit 2016-17 Kentavious Caldwell-Pope
91%
LA Lakers 2017-18 Kentavious Caldwell-Pope
91%
Houston 2012-13 James Harden
91%
Houston 2013-14 James Harden
91%
Houston 2014-15 James Harden
91%
Houston 2015-16 James Harden
91%
Houston 2016-17 James Harden
91%
Houston 2017-18 James Harden
91%
Houston 2018-19 James Harden
91%
Houston 2019-20 James Harden
91%
LA Lakers 2010-11 Kobe Bryant
90%
LA Lakers 2011-12 Kobe Bryant
90%
LA Lakers 2012-13 Kobe Bryant
90%
LA Lakers 2014-15 Kobe Bryant
90%
LA Lakers 2015-16 Kobe Bryant
90%
Dallas 2013-14 Monta Ellis
90%
Dallas 2014-15 Monta Ellis
90%
Golden State 2010-11 Monta Ellis
90%
Golden State 2011-12 Monta Ellis
90%
Indiana 2015-16 Monta Ellis
90%
Indiana 2016-17 Monta Ellis
90%
Milwaukee 2012-13 Monta Ellis
90%
Milwaukee 2014-15 Khris Middleton
90%
Milwaukee 2015-16 Khris Middleton
90%
Washington 2012-13 Bradley Beal
89%
Washington 2013-14 Bradley Beal
89%
Washington 2014-15 Bradley Beal
89%
Washington 2016-17 Bradley Beal
89%
Washington 2017-18 Bradley Beal
89%
Washington 2018-19 Bradley Beal
89%
Washington 2019-20 Bradley Beal
89%
Dallas 2011-12 Vince Carter
89%
Phoenix 2010-11 Vince Carter
89%
Atlanta 2013-14 Kyle Korver
89%
Atlanta 2014-15 Kyle Korver
89%
Atlanta 2015-16 Kyle Korver
89%
Portland 2015-16 C.J. McCollum
89%
Portland 2016-17 C.J. McCollum
89%
Portland 2017-18 C.J. McCollum
89%
Portland 2018-19 C.J. McCollum
89%
Portland 2019-20 C.J. McCollum
89%
Toronto 2010-11 DeMar DeRozan
88%
Toronto 2011-12 DeMar DeRozan
88%
Toronto 2012-13 DeMar DeRozan
88%
Toronto 2013-14 DeMar DeRozan
88%
Toronto 2014-15 DeMar DeRozan
88%
Toronto 2015-16 DeMar DeRozan
88%
Toronto 2016-17 DeMar DeRozan
88%
Toronto 2017-18 DeMar DeRozan
88%
Indiana 2017-18 Victor Oladipo
88%
Indiana 2018-19 Victor Oladipo
88%
Oklahoma City 2016-17 Victor Oladipo
88%
Orlando 2013-14 Victor Oladipo
88%
Orlando 2014-15 Victor Oladipo
88%
Orlando 2015-16 Victor Oladipo
88%
Milwaukee 2017-18 Malcolm Brogdon
87%
Milwaukee 2018-19 Malcolm Brogdon
87%
Charlotte 2010-11 Stephen Jackson
86%
Utah 2017-18 Donovan Mitchell
86%
Utah 2018-19 Donovan Mitchell
86%
Utah 2019-20 Donovan Mitchell
86%
New York 2019-20 R.J. Barrett
85%
Boston 2012-13 Avery Bradley
85%
Boston 2013-14 Avery Bradley
85%
Boston 2014-15 Avery Bradley
85%
Boston 2015-16 Avery Bradley
85%
Boston 2016-17 Avery Bradley
85%
LA Clippers 2018-19 Avery Bradley
85%
Dallas 2019-20 Tim Hardaway Jr.
85%
New York 2018-19 Tim Hardaway Jr.
85%
Brooklyn 2015-16 Bojan Bogdanovic
84%
Brooklyn 2016-17 Bojan Bogdanovic
84%
Sacramento 2017-18 Bogdan Bogdanovic
84%
Dallas 2016-17 Seth Curry
84%
Brooklyn 2011-12 MarShon Brooks
83%
Memphis 2017-18 Dillon Brooks
83%
Memphis 2019-20 Dillon Brooks
83%
Cleveland 2019-20 Darius Garland
83%
LA Clippers 2010-11 Eric Gordon
83%
New Orleans 2012-13 Eric Gordon
83%
New Orleans 2013-14 Eric Gordon
83%
New Orleans 2014-15 Eric Gordon
83%
New Orleans 2015-16 Eric Gordon
83%
Atlanta 2012-13 Devin Harris
83%
Denver 2015-16 Gary Harris
83%
Denver 2016-17 Gary Harris
83%
Denver 2017-18 Gary Harris
83%
Denver 2018-19 Gary Harris
83%
Denver 2019-20 Gary Harris
83%
Charlotte 2015-16 Nicolas Batum
82%
Charlotte 2016-17 Nicolas Batum
82%
Charlotte 2017-18 Nicolas Batum
82%
Charlotte 2018-19 Nicolas Batum
82%
LA Clippers 2014-15 J.J. Redick
82%
LA Clippers 2015-16 J.J. Redick
82%
LA Clippers 2016-17 J.J. Redick
82%
Philadelphia 2017-18 J.J. Redick
82%
Philadelphia 2018-19 J.J. Redick
82%
Toronto 2019-20 Fred VanVleet
82%
Dallas 2015-16 Wesley Matthews
81%
Dallas 2017-18 Wesley Matthews
81%
Milwaukee 2019-20 Wesley Matthews
81%
Portland 2010-11 Wesley Matthews
81%
Portland 2011-12 Wesley Matthews
81%
Portland 2012-13 Wesley Matthews
81%
Portland 2013-14 Wesley Matthews
81%
Portland 2014-15 Wesley Matthews
81%
Charlotte 2019-20 Terry Rozier
80%
Cleveland 2012-13 Dion Waiters
80%
Miami 2016-17 Dion Waiters
80%
Brooklyn 2018-19 Caris LeVert
79%
Minnesota 2015-16 Tayshaun Prince
79%
San Antonio 2010-11 Manu Ginobili
78%
Golden State 2019-20 Damion Lee
77%
Memphis 2013-14 Courtney Lee
77%
New York 2016-17 Courtney Lee
77%
New York 2017-18 Courtney Lee
77%
New York 2013-14 Iman Shumpert
77%
New York 2014-15 Iman Shumpert
77%
Orlando 2016-17 Evan Fournier
75%
Orlando 2017-18 Evan Fournier
75%
Orlando 2018-19 Evan Fournier
75%
Orlando 2019-20 Evan Fournier
75%
LA Clippers 2019-20 Paul George
72%
Indiana 2012-13 Lance Stephenson
72%
Indiana 2013-14 Lance Stephenson
72%
LA Lakers 2016-17 Nick Young
71%
Memphis 2010-11 Sam Young
71%
Indiana 2010-11 Danny Granger
70%
Indiana 2011-12 Danny Granger
70%
Dallas 2012-13 O.J. Mayo
70%
Atlanta 2018-19 Kevin Huerter
69%
Atlanta 2019-20 Kevin Huerter
69%
Atlanta 2017-18 Kent Bazemore
68%
Atlanta 2016-17 Thabo Sefolosha
68%
Oklahoma City 2010-11 Thabo Sefolosha
68%
Oklahoma City 2011-12 Thabo Sefolosha
68%
Oklahoma City 2012-13 Thabo Sefolosha
68%
Oklahoma City 2013-14 Thabo Sefolosha
68%
LA Lakers 2018-19 Brandon Ingram
65%
LA Clippers 2017-18 Austin Rivers
63%
Oklahoma City 2014-15 Andre Roberson
62%
Oklahoma City 2015-16 Andre Roberson
62%
Oklahoma City 2017-18 Andre Roberson
62%
Phoenix 2014-15 Eric Bledsoe
60%
Utah 2010-11 Raja Bell
58%
Utah 2011-12 Raja Bell
58%
Orlando 2010-11 Jason Richardson
57%
Orlando 2011-12 Jason Richardson
57%
Philadelphia 2019-20 Josh Richardson
57%
Cleveland 2018-19 Rodney Hood
56%
Utah 2015-16 Rodney Hood
56%
Utah 2016-17 Rodney Hood
56%
Houston 2011-12 Kevin Martin
54%
Minnesota 2013-14 Kevin Martin
54%
Minnesota 2014-15 Kevin Martin
54%
Houston 2010-11 Shane Battier
53%
Dallas 2018-19 Jalen Brunson
53%
Chicago 2011-12 Richard Hamilton
53%
Chicago 2012-13 Richard Hamilton
53%
Detroit 2010-11 Richard Hamilton
53%
Phoenix 2011-12 Grant Hill
53%
Philadelphia 2012-13 Evan Turner
53%
Philadelphia 2013-14 Evan Turner
53%
Chicago 2017-18 Denzel Valentine
53%
Brooklyn 2013-14 Shaun Livingston
51%
LA Lakers 2013-14 Jodie Meeks
51%
Philadelphia 2010-11 Jodie Meeks
51%
Philadelphia 2011-12 Jodie Meeks
51%
Cleveland 2013-14 C.J. Miles
51%
Indiana 2014-15 C.J. Miles
51%
Brooklyn 2019-20 Garrett Temple
51%
Memphis 2018-19 Garrett Temple
51%
Washington 2015-16 Garrett Temple
51%
San Antonio 2018-19 Bryn Forbes
50%
San Antonio 2019-20 Bryn Forbes
50%
Indiana 2019-20 Jeremy Lamb
50%
Detroit 2011-12 Rodney Stuckey
50%
LA Clippers 2013-14 Matt Barnes
49%
Denver 2010-11 Arron Afflalo
48%
Denver 2011-12 Arron Afflalo
48%
Denver 2014-15 Arron Afflalo
48%
New York 2015-16 Aron Afflalo
48%
Orlando 2012-13 Aron Afflalo
48%
Sacramento 2016-17 Arron Afflalo
48%
Utah 2014-15 Dante Exum
48%
Detroit 2019-20 Tony Snell
48%
Milwaukee 2016-17 Tony Snell
48%
Washington 2010-11 Kirk Hinrich
47%
New York 2012-13 Jason Kidd
47%
Philadelphia 2015-16 Robert Covington
46%
Utah 2013-14 Richard Jefferson
45%
Dallas 2010-11 DeShawn Stevenson
45%
New Orleans 2010-11 Marco Belinelli
44%
New Orleans 2011-12 Marco Belinelli
44%
Charlotte 2011-12 Gerald Henderson
42%
Charlotte 2012-13 Gerald Henderson
42%
Charlotte 2013-14 Gerald Henderson
42%
Charlotte 2014-15 Gerald Henderson
42%
Philadelphia 2016-17 Gerald Henderson
42%
Denver 2012-13 Andre Iguodala
39%
Chicago 2013-14 Mike Dunleavy
38%
Chicago 2014-15 Mike Dunleavy
38%
Chicago 2015-16 Mike Dunleavy
38%
New York 2010-11 Landry Fields
38%
New York 2011-12 Landry Fields
38%
Brooklyn 2017-18 Allen Crabbe
37%
Sacramento 2013-14 Ben McLemore
37%
Sacramento 2014-15 Ben McLemore
37%
Sacramento 2015-16 Ben McLemore
37%
Oklahoma City 2018-19 Terrance Ferguson
36%
Oklahoma City 2019-20 Terrance Ferguson
36%
Denver 2013-14 Randy Foye
36%
LA Clippers 2011-12 Randy Foye
36%
Utah 2012-13 Randy Foye
36%
Minnesota 2019-20 Jarrett Culver
35%
Detroit 2017-18 Reggie Bullock
33%
Detroit 2018-19 Reggie Bullock
33%
Minnesota 2012-13 Luke Ridnour
32%
Chicago 2010-11 Keith Bogans
31%
Miami 2018-19 Rodney McGruder
31%
Cleveland 2010-11 Anthony Parker
31%
Cleveland 2011-12 Anthony Parker
31%
Philadelphia 2014-15 JaKarr Sampson
30%
Minnesota 2018-19 Josh Okogie
24%
Washington 2011-12 Jordan Crawford
22%
Sacramento 2011-12 Marcus Thornton
21%
Detroit 2012-13 Kyle Singler
20%
Milwaukee 2010-11 Carlos Delfino
17%
Milwaukee 2011-12 Carlos Delfino
17%
Sacramento 2012-13 John Salmons
14%
Sacramento 2010-11 Francisco Garcia
12%
Brooklyn 2010-11 Anthony Morrow
12%
Milwaukee 2013-14 Nate Wolters
7%
No matching quizzes found
Score Distribution
Percent of People with Each Score
Percentile by Number Answered
Your Score History
You have not taken this quiz since the last reset